| 000 | 00555nam a22001937a 4500 | ||
|---|---|---|---|
| 005 | 20251211094953.0 | ||
| 008 | 251211b |||||||| |||| 00| 0 eng d | ||
| 020 | _a9780751303995 | ||
| 050 | _aRC86.7 WEB | ||
| 100 | _aWebb, Michael | ||
| 245 |
_aEmergency First Aid _cMichael Webb, Roy Scott & Peter Beale |
||
| 260 |
_aLondon _bDorling Kindersley _c1997 |
||
| 300 |
_a32p. _bill. color _c21cm |
||
| 700 | _aScott, Roy | ||
| 700 | _aBeale, Peter | ||
| 710 | _aSt. Andrew's Ambulance Association | ||
| 710 | _aBritish Red Cross | ||
| 942 |
_2lcc _cBK _n0 |
||
| 999 |
_c8539 _d8539 |
||